000 01756cam a2200169 4500500
005 20260111091207.0
041 _afre
042 _adc
100 1 0 _aVannier, Marie-Anne
_eauthor
245 0 0 _aLa prédication chez Augustin et Eckhart
260 _c2005.
500 _a19
520 _aÀ quelque neuf siècles de distance, Augustin et Eckhart sont des prédicateurs exceptionnels qui ont bien des points en commun. Il est vrai qu’Eckhart est, au Moyen Âge, l’un des meilleurs lecteurs de saint Augustin. Tous deux sont partis d’une expérience centrale : une compréhension en profondeur de l’Incarnation, qui les a amenés, à partir d’une prédication fondée sur l’Écriture, à exhorter leurs auditeurs à l’avènement du Maître intérieur ou à la naissance de Dieu dans l’âme. S’ils l’ont pu, c’est aussi en raison de la solide théologie trinitaire qui sous-tend leur prédication.
520 _aAugustine and Eckhart are two exceptionally gifted preachers who, though separated in time by nine centuries, bear significant similarities. Not only was Eckhart, in the Middle Ages, one of the most qualified readers of Augustine, but they both shared a common experience which is at the heart of their preaching : through a deep understanding of the Incarnation, their preaching rooted in Scripture invited their listeners to welcome the advent of the interior Master or the birth of God in the soul. One of the reasons of their success was indoubtedly the trinitarian theology underlying their preaching.
786 0 _nNouvelle revue théologique | 127 | 2 | 2005-03-12 | p. 180-199 | 0029-4845
856 4 1 _uhttps://shs.cairn.info/revue-nouvelle-revue-theologique-2005-2-page-180?lang=fr&redirect-ssocas=7080
999 _c1620542
_d1620542